[Event "SLO-chT Central Superliga 10th"]
[Site "Slovenija"]
[Date "2009.09.17"]
[Round "1.4"]
[White "Grcar, Janez"]
[Black "Kosem, Rok"]
[Result "1-0"]
[WhiteElo "1664"]
[BlackElo "1542"]
[PlyCount "105"]
[EventDate "2009.09.17"]
[EventType "team-tourn"]
[EventRounds "9"]
[EventCountry "SLO"]
[SourceTitle "EXT 2022"]
[Source "ChessBase"]
[SourceDate "2021.10.06"]
[SourceVersion "1"]
[SourceVersionDate "2021.10.06"]
[SourceQuality "1"]
[WhiteTeam "Kamnik DU"]
[BlackTeam "IBM"]
[WhiteTeamCountry "SLO"]
[BlackTeamCountry "SLO"]

1. d4 d5 2. c4 c6 3. Nf3 dxc4 4. a4 b5 5. e4 Bb7 6. Bd2 e6 7. Be2 Nf6 8. e5 Nd5 9. Nc3 a6 10. 0-0 Be7 11. Ne4 h6 12. axb5 cxb5 13. Ba5 Qd7 14. b3 Nf4 15. Ng3 Nxe2+ 16. Nxe2 Bxf3 17. gxf3 cxb3 18. Qxb3 Nc6 19. Bc3 0-0 20. Rfd1 Rfb8 21. Ng3 b4 22. Bb2 a5 23. d5 exd5 24. Rxd5 Qe6 25. Ne2 Qg6+ 26. Kh1 a4 27. Rxa4 Rxa4 28. Qxa4 Qb1+ 29. Bc1 Rc8 30. Kg2 Qg6+ 31. Kf1 Qf5 32. Qb3 Nxe5 33. f4 Rxc1+ 34. Nxc1 Qxf4 35. Ne2 Qxh2 36. Ng1 Bh4 37. Qe3 b3 38. Rxe5 b2 39. Rb5 Bf6 40. Qe8+ Kh7 41. Qxf7 Qd6 42. Qb3 Qd2 43. Ne2 Qd7 44. Qc2+ g6 45. Qb3 Bg7 46. Rb8 Qf5 47. Rb7 Qe5 48. Rb8 h5 49. Rb6 Qe4 50. Ng3 Qb1+ 51. Kg2 h4 52. Rb4 Bh6 53. Qf7+ 1-0